00837nam a2200217 a 4500001001000000003000900010005001700019008004100036040002500077082002300102100004800125245004700173260004500220300002800265504007000293610005500363650005400418650004100472650003400513651007200547000016186DO-SdBNP20260317092028.0100301t1990 dr a r 000 0 spa d aDO-SdBNPbspacBNPHU a347.0750378bL817h1 aLockward Pérez, Jorge Alfonso,d1937-200110aHonorables magistrados /cAlfonso Lockwad. aSanto Domingo :bAmigo del Hogar,c1990? a224 p. :bil. ;c28 cm. aIncluye referencias bibliográficas y notas al pie de páginas.24aCentro de Estudios Técnicos (Universidad CETEC)  4aConflictos universitarioszRepública Dominicana 0aUniversidadesxPrácticas corruptas 0aDefensa (Procedimiento civil) 4aEducacion SuperiorzRepública DominicanaxColecciones de escritos